Statistics for Most Dangerous City for each US State

Click here to take the quiz!

General Stats

  • This quiz has been taken 110 times
  • The average score is 14 of 50

Answer Stats

StateMost Dangerous City% Correct
MissouriSt. Louis
71%
MichiganDetroit
67%
AlaskaAnchorage
64%
ArizonaPhoenix
64%
OregonPortland
63%
ArkansasLittle Rock
56%
OhioCleveland
55%
HawaiiHonolulu
55%
MinnesotaMinneapolis
53%
TennesseeMemphis
50%
New MexicoAlbuquerque
49%
New YorkBuffalo
49%
TexasHouston
47%
WisconsinMilwaukee
45%
NebraskaOmaha
43%
NevadaReno
43%
MassachusettsSpringfield
43%
DelawareWilmington
43%
ConnecticutHartford
41%
MontanaBillings
37%
New JerseyTrenton
36%
WyomingCheyenne
35%
North DakotaFargo
33%
New HampshireManchester
30%
VermontBurlington
26%
GeorgiaAlbany
21%
PennsylvaniaHarrisburg
19%
CaliforniaSan Bernardino
16%
WashingtonTacoma
16%
ColoradoPueblo
15%
IndianaSouth Bend
15%
MississippiGulfport
12%
South DakotaRapid City
9%
LouisianaMonroe
8%
West VirginiaWheeling
7%
MaineLewiston
6%
IowaCouncil Bluffs
5%
VirginiaPortsmouth
5%
South CarolinaFlorence
3%
OklahomaMuskogee
3%
Rhode IslandWoonsocket
3%
KentuckyCovington
2%
IllinoisDanville
2%
FloridaRiviera Beach
2%
UtahSouth Salt Lake
2%
IdahoTwin Falls
2%
MarylandBowie
1%
AlabamaEnterprise
1%
North CarolinaGoldsboro
1%
KansasLeavenworth
1%

Score Distribution

Percentile by Number Answered

Percent of People with Each Score

Your Score History

You have not taken this quiz